00887nam a22002537a 45000010005000000030006000050050017000110080041000280200018000690400029000870500013001160820011001291000069001402450074002092500009002832600035002923000022003275050007003495200181003565210019005375210018005566500036005746500023006104579FISKH20240917112823.0240917b cb ||||| |||| 00| 0 eng d a9780590427920 aFISKHbengcFISKHdFISKH aPZ7.C678 2813.54 aCollier, Lincoln James & Collier, Christopherd(1950-) & (1930-) aMy brother sam is dead /cJames Lincoln Collier & Christopher Collier a1974 aNew York :bScholastic,c1974. a216 pages :c18cm aR  aRecounts the tragedy that strikes the Meeker family during the Revolution when one son joins the rebel forces while the rest of the family tries to stay neutral in a Tory town.8 a770L bLexile 8 aR bRaz-Plus  2Historical fictionaYoung adult 2Newbery HonoraWar